| 000 | 00594nam a2200205Ia 4500 | ||
|---|---|---|---|
| 003 | IIN | ||
| 005 | 20240122151456.0 | ||
| 008 | 231217s9999 xx 000 0 und d | ||
| 020 |
_cRs.1699.00 _a9789389335736 |
||
| 040 |
_aIIN _bEnglish |
||
| 082 |
_a579 _bCON |
||
| 100 | 1 | _aCornelissen, Cynthia Nau | |
| 245 | 1 |
_aLippincott Illustrated Reviews: _bMicrobiology _cCynthia Nau Cornelissen and Marcia Metzgar Hobbs |
|
| 250 | _a4th ed | ||
| 260 |
_bWolters Kluwer _aNew Delhi _c2019 |
||
| 300 | _axvi, 770 p. | ||
| 650 | 1 | _aMicrobiology | |
| 700 | 1 | _aHobbs, Marcia Metzgar | |
| 942 | _cBOOK | ||
| 999 |
_c474 _d474 |
||